Worlds Richest People Quiz Stats

 Plays Quiz not verified by Sporcle

Challenge
Share
Tweet
Embed
Score 0/10 Timer 06:00
0 Plays Today
First Name Last Name % Correct
BillGates
100%
WarrenBuffet
84.6%
ChristyWalton
53.8%
CarlosSlim
38.5%
LawrenceEllison
30.8%
LakshmiMittal
15.4%
AmancioOrtega
7.7%
BernardArnault
0%
EikeBatista
0%
MukeshAmbani
0%

You're not logged in!

Compare scores with friends on all Sporcle quizzes.
Join for Free
OR
Log In

You Might Also Like...

Show Comments

Extras

Top Quizzes Today


Score Distribution

Your Account Isn't Verified!

In order to create a playlist on Sporcle, you need to verify the email address you used during registration. Go to your Sporcle Settings to finish the process.

Report this User

Report this user for behavior that violates our Community Guidelines.

Details: